[Event "Mittelfrank Regionalliga Nord-West 2122"]
[Site "Mittelfranken"]
[Date "2022.05.15"]
[Round "5.3"]
[White "Wissel, Daniel"]
[Black "Basel, Matthias"]
[Result "0-1"]
[WhiteElo "1791"]
[BlackElo "1991"]
[PlyCount "40"]
[EventDate "2021.10.24"]
[EventType "team-tourn"]
[EventRounds "9"]
[EventCountry "GER"]
[SourceTitle "EXT 2024"]
[Source "ChessBase"]
[SourceDate "2023.10.10"]
[SourceVersion "1"]
[SourceVersionDate "2023.10.10"]
[SourceQuality "1"]
[WhiteTeam "Sailauf"]
[BlackTeam "Kitzingen"]
[WhiteTeamCountry "GER"]
[BlackTeamCountry "GER"]

1. d4 Nf6 2. Nf3 g6 3. e3 Bg7 4. Bd3 0-0 5. 0-0 b6 6. c4 Bb7 7. Nc3 d5 8. b3 c5 9. Bb2 cxd4 10. exd4 Nc6 11. Nxd5 Nxd5 12. cxd5 Nb4 13. Re1 Nxd3 14. Qxd3 Bxd5 15. Rac1 Qd7 16. Ba3 Rfe8 17. Ne5 Qb7 18. f3 Rac8 19. Rxc8 Rxc8 20. Bxe7 Qxe7 0-1

[Event "Mittelfrank Regionalliga Nord-West 2122"]
[Site "Mittelfranken"]
[Date "2021.10.24"]
[Round "1.5"]
[White "Wissel, Daniel"]
[Black "Hilbig, Olaf"]
[Result "1/2-1/2"]
[WhiteElo "1791"]
[BlackElo "1945"]
[PlyCount "93"]
[EventDate "2021.10.24"]
[EventType "team-tourn"]
[EventRounds "9"]
[EventCountry "GER"]
[SourceTitle "EXT 2024"]
[Source "ChessBase"]
[SourceDate "2023.10.10"]
[SourceVersion "1"]
[SourceVersionDate "2023.10.10"]
[SourceQuality "1"]
[WhiteTeam "Sailauf"]
[BlackTeam "Hof PTSV"]
[WhiteTeamCountry "GER"]
[BlackTeamCountry "GER"]

1. Nf3 f5 2. d4 Nf6 3. e3 d5 4. Nbd2 e6 5. Bd3 Be7 6. 0-0 0-0 7. Ne5 Bd7 8. f4 Be8 9. Be2 Nbd7 10. c4 c6 11. b3 Nxe5 12. fxe5 Ne4 13. Nxe4 dxe4 14. Bb2 Kh8 15. c5 Bg5 16. Qd2 Bh6 17. Qc3 Qh4 18. g3 Qg5 19. Bc1 Bh5 20. Bxh5 Qxh5 21. Qc4 Rae8 22. a3 g5 23. Ra2 Qh3 24. Raf2 Rg8 25. Qc2 Rg6 26. b4 Reg8 27. a4 a6 28. a5 Bf8 29. Rg2 h5 30. Rff2 Bh6 31. Kf1 h4 32. g4 fxg4 33. Qxe4 g3 34. hxg3 Qh1+ 35. Ke2 Qxc1 36. gxh4 Qh1 37. Rf6 Rxf6 38. exf6 Qxh4 39. Qxe6 Qh5+ 40. Kd2 Re8 41. Qf5 Qh1 42. Rf2 g4 43. f7 Bxe3+ 44. Kc3 Qe1+ 45. Kb3 Qd1+ 46. Rc2 Rf8 47. Qe5+ 1/2-1/2

[Event "Main Vogelsberg op 4th"]
[Site "Heusenstamm"]
[Date "2009.05.02"]
[Round "5"]
[White "Liez, Franziska"]
[Black "Wissel, Daniel"]
[Result "0-1"]
[WhiteElo "1004"]
[BlackElo "1489"]
[PlyCount "120"]
[EventDate "2009.04.30"]
[EventType "swiss"]
[EventRounds "7"]
[EventCountry "GER"]
[SourceTitle "CBM 130 Extra"]
[Source "ChessBase"]
[SourceDate "2009.07.02"]
[SourceVersion "2"]
[SourceVersionDate "2009.07.15"]
[SourceQuality "1"]

1. e4 b6 2. Nc3 Bb7 3. Nf3 e6 4. Be2 Nf6 5. d3 Bb4 6. 0-0 0-0 7. Bg5 Be7 8. Re1 Re8 9. Qd2 d6 10. e5 dxe5 11. Nxe5 Nbd7 12. Nc4 Nd5 13. Bxe7 Qxe7 14. Bf3 Qf6 15. Nb5 Nc5 16. c3 a6 17. Nba3 Rad8 18. d4 Nf4 19. Qe3 Ncd3 20. Bxb7 Nxe1 21. Rxe1 b5 22. Ne5 Nd5 23. Qd2 Rd6 24. c4 Nf4 25. Qe3 Red8 26. Rd1 Rxd4 27. Rxd4 Rxd4 28. h3 Qg5 29. Kh2 Rd1 30. cxb5 axb5 31. Nxb5 Nxh3 32. Qxg5 Nxg5 33. Nxc7 f6 34. Nf3 Rd7 35. Nxg5 Rxc7 36. Nxe6 Rxb7 37. b3 Ra7 38. f4 Rxa2 39. Kh3 Rb2 40. Nd4 Rd2 41. Nf5 Rd3+ 42. Kh4 Rxb3 43. g3 g6 44. Nd6 f5 45. g4 Rf3 46. Kg5 Rg3 47. Kf6 Rxg4 48. Ke5 h5 49. Nc4 h4 50. Ne3 Rg3 51. Nd1 h3 52. Nf2 h2 53. Kf6 Rg1 54. Ke5 Rf1 55. Nh3 h1Q 56. Ng5 Qh8+ 57. Ke6 Re1+ 58. Kd5 Qf6 59. Nf3 Rd1+ 60. Kc4 Qc6+ 0-1

[Event "Main Vogelsberg op 4th"]
[Site "Heusenstamm"]
[Date "2009.05.01"]
[Round "3"]
[White "Eremenko, Christian"]
[Black "Wissel, Daniel"]
[Result "1-0"]
[WhiteElo "1273"]
[BlackElo "1489"]
[PlyCount "93"]
[EventDate "2009.04.30"]
[EventType "swiss"]
[EventRounds "7"]
[EventCountry "GER"]
[SourceTitle "CBM 130 Extra"]
[Source "ChessBase"]
[SourceDate "2009.07.02"]
[SourceVersion "2"]
[SourceVersionDate "2009.07.15"]
[SourceQuality "1"]

1. e4 b6 2. Bc4 Bb7 3. d3 Nf6 4. Nf3 e6 5. Bg5 Be7 6. 0-0 0-0 7. Nc3 d5 8. exd5 Nxd5 9. Bxd5 exd5 10. Bxe7 Qxe7 11. a3 Nd7 12. d4 Nf6 13. Re1 Ne4 14. Nd2 Qh4 15. Ndxe4 dxe4 16. Re3 f5 17. Qe2 Qf6 18. Qc4+ Rf7 19. Rd1 f4 20. Ree1 e3 21. fxe3 Qg5 22. Rd2 fxe3 23. Rde2 Qf5 24. Nd1 Bd5 25. Qb5 c6 26. Qd3 Be4 27. Qb3 Bd5 28. Qxe3 Raf8 29. Rf2 Qg4 30. Rd2 Bc4 31. Nf2 Rf3 32. Qxf3 Qg5 33. Qc3 Qb5 34. b3 Bf7 35. Qd3 Qg5 36. Rde2 Bh5 37. Re5 Qf6 38. Rf1 Bg6 39. Qc4+ Bf7 40. Qa4 Bd5 41. c4 Bxg2 42. Kxg2 Qf3+ 43. Kg1 Rf6 44. Re8+ Kf7 45. Qxa7+ Kxe8 46. Re1+ Kf8 47. Qb8+ 1-0